<?xml version="1.0" encoding="UTF-8"?><?xml-stylesheet type="text/xsl" href="static/style.xsl"?><OAI-PMH xmlns="http://www.openarchives.org/OAI/2.0/" xmlns:xsi="http://www.w3.org/2001/XMLSchema-instance" xsi:schemaLocation="http://www.openarchives.org/OAI/2.0/ http://www.openarchives.org/OAI/2.0/OAI-PMH.xsd"><responseDate>2026-04-17T07:20:45Z</responseDate><request verb="GetRecord" identifier="oai:www.recercat.cat:2117/392597" metadataPrefix="marc">https://recercat.cat/oai/request</request><GetRecord><record><header><identifier>oai:recercat.cat:2117/392597</identifier><datestamp>2025-07-23T03:10:08Z</datestamp><setSpec>com_2072_1033</setSpec><setSpec>col_2072_452951</setSpec></header><metadata><record xmlns="http://www.loc.gov/MARC21/slim" xmlns:dcterms="http://purl.org/dc/terms/" xmlns:xsi="http://www.w3.org/2001/XMLSchema-instance" xmlns:doc="http://www.lyncode.com/xoai" xsi:schemaLocation="http://www.loc.gov/MARC21/slim http://www.loc.gov/standards/marcxml/schema/MARC21slim.xsd">
   <leader>00925njm 22002777a 4500</leader>
   <datafield ind2=" " ind1=" " tag="042">
      <subfield code="a">dc</subfield>
   </datafield>
   <datafield ind2=" " ind1=" " tag="720">
      <subfield code="a">Plazas Vidal, Guillem</subfield>
      <subfield code="e">author</subfield>
   </datafield>
   <datafield ind2=" " ind1=" " tag="260">
      <subfield code="c">2023-07-18</subfield>
   </datafield>
   <datafield ind2=" " ind1=" " tag="520">
      <subfield code="a">Aquest treball conté informació sobre el llenguatge gràfic en l’arquitectura, més concretament, encarat a l’esbós.&#xd;
L’objectiu principal és ressaltar la importància i l’aplicabilitat de l’esbós com a recurs fonamental en la materialització d’idees i conceptes arquitectònics, és a dir, donar valor a l’esbós. &#xd;
A través d’una anàlisi i estudi de les tipologies de dibuix segons intencions i sistemes, situarem l’esbós en el context més ampli de la representació gràfica, analitzant-ne la utilitat en funció de les intencions i necessitats específiques de cada projecte.&#xd;
A través d’una selecció acurada de casos d’estudi, demostrarem com l’esbós pot ser valorat com un recurs primordial per desenvolupar cadascuna de les fases de projecte.&#xd;
A més, explorarem com l’esbós es converteix en un vehicle de comunicació entre l’arquitecte i els altres actors involucrats en el projecte, i permet una comprensió més profunda i una col·laboració efectiva. &#xd;
A través de la presentació d’aquests casos d’estudi, també destacarem com l’esbós, tot i ser una eina embrionària del projecte, és capaç de condicionar i influir des d’un inici en la materialització final del projecte.&#xd;
En definitiva, aquest treball cerca evidenciar la importància de l’esbós com una eina vital en el procés de disseny arquitectònic i la seva capacitat per influir en la materialització de projectes excepcionals.</subfield>
   </datafield>
   <datafield tag="653" ind2=" " ind1=" ">
      <subfield code="a">Àrees temàtiques de la UPC::Arquitectura::Sistemes de representació arquitectònica::Dibuix</subfield>
   </datafield>
   <datafield tag="653" ind2=" " ind1=" ">
      <subfield code="a">Architectural drawing</subfield>
   </datafield>
   <datafield tag="653" ind2=" " ind1=" ">
      <subfield code="a">Esbós</subfield>
   </datafield>
   <datafield tag="653" ind2=" " ind1=" ">
      <subfield code="a">Representació arquitectònica</subfield>
   </datafield>
   <datafield tag="653" ind2=" " ind1=" ">
      <subfield code="a">Expressió gràfica</subfield>
   </datafield>
   <datafield tag="653" ind2=" " ind1=" ">
      <subfield code="a">Tècnica gràfica</subfield>
   </datafield>
   <datafield tag="653" ind2=" " ind1=" ">
      <subfield code="a">Comunicar.</subfield>
   </datafield>
   <datafield tag="653" ind2=" " ind1=" ">
      <subfield code="a">Dibuix arquitectònic</subfield>
   </datafield>
   <datafield ind2="0" ind1="0" tag="245">
      <subfield code="a">L’Esbós com a condicionant de l'arquitectura</subfield>
   </datafield>
</record></metadata></record></GetRecord></OAI-PMH>